[Event "Villa Ballester op 73rd"]
[Site "Buenos Aires"]
[Date "2024.01.23"]
[Round "5"]
[White "Ostoich, Mariano Ivan"]
[Black "Semprevivo, Florencia"]
[Result "1-0"]
[WhiteElo "2081"]
[BlackElo "1824"]
[PlyCount "61"]
[EventDate "2024.01.19"]
[EventType "swiss"]
[EventRounds "9"]
[EventCountry "ARG"]
[SourceTitle "CB06_2024"]
[SourceDate "2024.02.07"]
[SourceVersion "1"]
[SourceVersionDate "2024.02.07"]
[SourceQuality "1"]

1. e4 e5 2. Nf3 Nc6 3. Bc4 Bc5 4. c3 Nf6 5. d4 exd4 6. b4 Bb6 7. e5 d5 8. exf6 dxc4 9. Qe2+ Be6 10. b5 Na5 11. cxd4 gxf6 12. Nc3 c6 13. bxc6 bxc6 14. Bb2 Qc7 15. d5 cxd5 16. Nxd5 Qb7 17. Nxf6+ Kd8 18. Rd1+ Kc8 19. Ne4 Rd8 20. Nd6+ Rxd6 21. Rxd6 Bc5 22. Rd2 Bb4 23. 0-0 Bxd2 24. Qxd2 Qd5 25. Qe2 Nc6 26. Rd1 Qf5 27. Ne5 Nxe5 28. Bxe5 Kb7 29. Qb2+ Kc8 30. Qb5 Qe4 31. Qa6+ 1-0

[Event "Santa Rosa Villarreal Memorial 29th"]
[Site "Santa Rosa"]
[Date "2023.12.10"]
[Round "6"]
[White "Ampudia, Roberto"]
[Black "Semprevivo, Florencia"]
[Result "1/2-1/2"]
[WhiteElo "1711"]
[BlackElo "1836"]
[PlyCount "92"]
[EventDate "2023.12.08"]
[EventType "swiss"]
[EventRounds "7"]
[EventCountry "ARG"]
[SourceTitle "CB51_2023"]
[SourceDate "2023.12.20"]
[SourceVersion "1"]
[SourceVersionDate "2023.12.20"]
[SourceQuality "1"]

1. d4 d5 2. c4 c6 3. g3 Bf5 4. Nc3 e6 5. Bg2 Nf6 6. Nf3 h6 7. 0-0 Bd6 8. c5 Bc7 9. Bf4 0-0 10. Bxc7 Qxc7 11. Ne5 Nfd7 12. f4 f6 13. Nf3 Bh7 14. e3 e5 15. h4 Na6 16. a3 Rae8 17. Re1 Re7 18. Qd2 Rfe8 19. Kf2 Naxc5 20. dxc5 Nxc5 21. Nxd5 Ne4+ 22. Kg1 Nxd2 23. Nxc7 Nxf3+ 24. Bxf3 Rxc7 25. Kf2 exf4 26. exf4 Rxe1 27. Rxe1 Rd7 28. Re2 Bg6 29. Bg4 Rd8 30. Re7 Rd2+ 31. Re2 Rxe2+ 32. Kxe2 Kf8 33. Ke3 Ke7 34. Kd4 Kd6 35. b4 b6 36. Bf3 a6 37. Kc4 c5 38. Bb7 Bf7+ 39. Kc3 a5 40. bxa5 bxa5 41. Bf3 Bd5 42. Bg4 g5 43. hxg5 hxg5 44. Bc8 gxf4 45. gxf4 Ba2 46. Bg4 Bd5 1/2-1/2

[Event "ARG-ch (Women) 74th"]
[Site "Buenos Aires"]
[Date "2023.11.21"]
[Round "2"]
[White "Brizzi, Milagros Tatiana"]
[Black "Semprevivo, Florencia"]
[Result "1-0"]
[WhiteElo "2076"]
[BlackElo "1871"]
[PlyCount "47"]
[EventDate "2023.11.20"]
[EventType "swiss"]
[EventRounds "9"]
[EventCountry "ARG"]
[SourceTitle "CB49_2023"]
[SourceDate "2023.12.06"]
[SourceVersion "1"]
[SourceVersionDate "2023.12.06"]
[SourceQuality "1"]

1. e4 d5 2. exd5 Qxd5 3. Nc3 Qa5 4. d4 Nf6 5. Nf3 c6 6. Bc4 Bf5 7. Bd2 Nbd7 8. Nd5 Qd8 9. Ne3 Bg6 10. Qe2 e6 11. h4 Bd6 12. 0-0-0 Qc7 13. Ng5 h5 14. Bxe6 fxe6 15. Nxe6 Qb8 16. Nxg7+ Kd8 17. Nc4 Rg8 18. Ne6+ Kc8 19. Rhe1 Re8 20. Qf3 Nd5 21. Qh3 b6 22. Ng5 N5f6 23. Rxe8+ Bxe8 24. Qe6 1-0

[Event "Villa Ballester op 72nd"]
[Site "Villa Ballester"]
[Date "2023.01.22"]
[Round "5"]
[White "Semprevivo, Florencia"]
[Black "Liascovich, Lucas Agustin"]
[Result "0-1"]
[WhiteElo "1931"]
[BlackElo "2415"]
[PlyCount "134"]
[EventDate "2023.01.18"]
[EventType "swiss"]
[EventRounds "9"]
[EventCountry "ARG"]
[SourceTitle "EXT 2024"]
[Source "ChessBase"]
[SourceDate "2023.10.10"]
[SourceVersion "1"]
[SourceVersionDate "2023.10.10"]
[SourceQuality "1"]

1. d4 Nf6 2. c4 c5 3. e3 g6 4. Nf3 Bg7 5. Nc3 0-0 6. Be2 cxd4 7. Nxd4 Nc6 8. 0-0 d5 9. cxd5 Nxd5 10. Nxc6 bxc6 11. Bd2 Rb8 12. e4 Nxc3 13. Bxc3 Bxc3 14. bxc3 Qa5 15. Qc2 Be6 16. Rfd1 Rfd8 17. c4 Qe5 18. Rab1 Rxb1 19. Rxb1 Rd4 20. f3 Qc5 21. Kh1 Qa5 22. Rd1 Rxd1+ 23. Qxd1 Qxa2 24. h3 c5 25. Qd3 Qa1+ 26. Kh2 Qe5+ 27. Kh1 Qb2 28. Qe3 a5 29. Bd1 Qa1 30. Qb3 Bxc4 31. Qxc4 Qxd1+ 32. Kh2 Qd6+ 33. Kh1 Qc6 34. Qd3 Qc7 35. Qc4 h5 36. Kg1 Qa7 37. Qa4 c4+ 38. Kf1 Qc5 39. Ke2 h4 40. f4 Qd4 41. Qc6 c3 42. e5 Qd2+ 43. Kf3 c2 44. Qe8+ Kg7 45. Qxe7 c1Q 46. Qf6+ Kg8 47. e6 Qcc3+ 48. Qxc3 Qxc3+ 49. Kf2 Qg3+ 50. Kg1 Qe1+ 51. Kh2 Qxe6 52. Kg1 a4 53. Kh2 a3 54. Kg1 a2 55. Kh2 a1N 56. Kg1 Kg7 57. Kh2 Kf6 58. Kg1 Kf5 59. Kh2 Ke4 60. f5 Qd6+ 61. Kg1 Nc2 62. fxg6 Qd1+ 63. Kh2 Ne3 64. gxf7 Nf1+ 65. Kg1 Ng3+ 66. Kh2 Ke3 67. f8Q Qh1# 0-1

[Event "Buenos Aires Ciudad de Nueve op 4th"]
[Site "Buenos Aires"]
[Date "2022.10.08"]
[Round "2"]
[White "Romero Barreto, Jaime Jose"]
[Black "Semprevivo, Florencia"]
[Result "1-0"]
[WhiteElo "2335"]
[BlackElo "1968"]
[PlyCount "71"]
[EventDate "2022.10.08"]
[EventType "swiss"]
[EventRounds "7"]
[EventCountry "ARG"]
[SourceTitle "EXT 2024"]
[Source "ChessBase"]
[SourceDate "2023.10.10"]
[SourceVersion "1"]
[SourceVersionDate "2023.10.10"]
[SourceQuality "1"]

1. e4 e5 2. Nf3 Nc6 3. Bc4 Be7 4. 0-0 Nf6 5. Re1 d6 6. c3 0-0 7. Bf1 d5 8. exd5 Qxd5 9. d3 Bg4 10. Nbd2 Rad8 11. Qb3 Qxb3 12. axb3 Bd6 13. h3 Bh5 14. b4 a6 15. g4 Bg6 16. Nh4 Ne7 17. Nc4 Rfe8 18. Bg5 h6 19. Nxg6 Nxg6 20. Bxf6 gxf6 21. Na5 Rb8 22. Bg2 c6 23. Nxb7 Rxb7 24. Bxc6 Ree7 25. Bxb7 Rxb7 26. Rxa6 Be7 27. Rea1 Rd7 28. b5 Rb7 29. c4 Kg7 30. Ra7 Rb6 31. R1a6 Rb8 32. Rc6 Bd8 33. Rca6 Bb6 34. Ra8 Rb7 35. b4 Bd4 36. b6 1-0

[Event "ARG-ch 96th"]
[Site "Buenos Aires"]
[Date "2022.06.12"]
[Round "11"]
[White "Herrera, Martin"]
[Black "Semprevivo, Florencia"]
[Result "1-0"]
[WhiteElo "2213"]
[BlackElo "1972"]
[PlyCount "49"]
[EventDate "2022.06.02"]
[EventType "swiss"]
[EventRounds "11"]
[EventCountry "ARG"]
[SourceTitle "EXT 2023"]
[Source "ChessBase"]
[SourceDate "2022.10.05"]
[SourceVersion "1"]
[SourceVersionDate "2022.10.05"]
[SourceQuality "1"]

1. d4 Nf6 2. Bf4 e6 3. Nc3 Bb4 4. Qd3 d5 5. a3 Bd6 6. e3 b6 7. Bg5 c6 8. Nge2 Ba6 9. Qd2 Nbd7 10. 0-0-0 h6 11. Bh4 Qc7 12. f3 e5 13. Kb1 0-0 14. g4 Nh7 15. e4 exd4 16. Nxd4 Bf4 17. Qg2 Bxf1 18. Rhxf1 Ndf6 19. exd5 cxd5 20. Bg3 Bxg3 21. hxg3 a6 22. f4 Nxg4 23. Nxd5 Qb8 24. Nc6 Qb7 25. Ne5 1-0

[Event "Moron Mayor Cup Challengers 1819"]
[Site "Moron"]
[Date "2019.04.01"]
[Round "1.11"]
[White "Serratto, Ricardo Adolfo"]
[Black "Semprevivo, Florencia"]
[Result "0-1"]
[WhiteElo "1725"]
[BlackElo "1977"]
[PlyCount "46"]
[EventDate "2019.04.01"]
[EventType "tourn"]
[EventRounds "7"]
[EventCountry "ARG"]
[SourceTitle "EXT 2024"]
[Source "ChessBase"]
[SourceDate "2023.10.10"]
[SourceVersion "1"]
[SourceVersionDate "2023.10.10"]
[SourceQuality "1"]

1. e4 e5 2. Nf3 Nc6 3. Bc4 Bc5 4. 0-0 d6 5. h3 Nf6 6. d3 h6 7. a3 0-0 8. Be3 Bb6 9. Nc3 Re8 10. Nd5 Nxd5 11. Bxd5 Ne7 12. Ba2 Ng6 13. Qd2 Be6 14. Nh2 d5 15. Bxb6 axb6 16. exd5 Bxd5 17. Bxd5 Qxd5 18. Qe2 e4 19. dxe4 Rxe4 20. Qd1 Qc6 21. Nf3 Nf4 22. Re1 Qg6 23. Kh2 Qxg2# 0-1

[Event "Moron Philidor CC A 6th"]
[Site "Moron"]
[Date "2019.01.31"]
[Round "1.1"]
[White "Gerola, Pablo"]
[Black "Semprevivo, Florencia"]
[Result "1/2-1/2"]
[WhiteElo "2118"]
[BlackElo "1977"]
[PlyCount "97"]
[EventDate "2019.01.31"]
[EventType "swiss"]
[EventRounds "5"]
[EventCountry "ARG"]
[SourceTitle "EXT 2024"]
[Source "ChessBase"]
[SourceDate "2023.10.10"]
[SourceVersion "1"]
[SourceVersionDate "2023.10.10"]
[SourceQuality "1"]

1. d4 f5 2. g4 d5 3. gxf5 Bxf5 4. Bg2 c6 5. c3 Nd7 6. Nf3 Qc7 7. Bg5 e5 8. dxe5 Nxe5 9. Nxe5 Qxe5 10. Bh4 Bc5 11. Bg3 Qe7 12. e3 Nf6 13. 0-0 0-0 14. Nd2 Bg4 15. Qc1 Nh5 16. Nb3 Nxg3 17. hxg3 Bd6 18. Re1 Qf7 19. Qd2 Rad8 20. Qc2 Qh5 21. f4 g5 22. c4 Bf5 23. Qc3 Qg4 24. Kf2 Be4 25. Rg1 Rf7 26. c5 Bf8 27. Nd2 Bg7 28. Qb3 Bxg2 29. Rxg2 d4 30. Nf3 dxe3+ 31. Qxe3 gxf4 32. gxf4 Qxf4 33. Qxf4 Rxf4 34. Re1 Rd2+ 35. Re2 Rxe2+ 36. Kxe2 Rc4 37. Ke3 Rxc5 38. Ng5 Re5+ 39. Ne4 Re7 40. b4 h6 41. Kf3 Kh7 42. Nd6 Re6 43. Nf5 Rg6 44. Rd2 h5 45. Rd7 Rg5 46. Kf4 Rg4+ 47. Kf3 Rg5 48. Kf4 Rg4+ 49. Kf3 1/2-1/2

[Event "ARG-ch U2000"]
[Site "Tacuari"]
[Date "2018.11.18"]
[Round "6"]
[White "Garcia Gorostegui, Ezequiel"]
[Black "Semprevivo, Florencia"]
[Result "1-0"]
[WhiteElo "1949"]
[BlackElo "1905"]
[PlyCount "55"]
[EventDate "2018.11.16"]
[EventType "swiss"]
[EventRounds "8"]
[EventCountry "ARG"]
[SourceTitle "EXT 2020"]
[Source "ChessBase"]
[SourceDate "2019.10.17"]
[SourceVersion "1"]
[SourceVersionDate "2019.10.17"]
[SourceQuality "1"]

1. d4 f5 2. Nf3 g6 3. c4 Nf6 4. Nc3 Bg7 5. g3 0-0 6. Bg2 d6 7. 0-0 Qe8 8. b3 e5 9. dxe5 dxe5 10. Ba3 Rf7 11. Qc2 e4 12. Ng5 Rd7 13. Rad1 h6 14. Nh3 Nc6 15. Nd5 Nxd5 16. Rxd5 Nd4 17. Qd2 Rxd5 18. cxd5 Qb5 19. e3 Ne2+ 20. Kh1 Nc3 21. d6 cxd6 22. Rc1 Qd3 23. Qe1 Qa6 24. Bb2 Nxa2 25. Bf1 b5 26. Bxg7 Kxg7 27. Rc7+ Kf8 28. Qa1 1-0

[Event "ARG-ch U2000"]
[Site "Tacuari"]
[Date "2018.11.18"]
[Round "5"]
[White "Iborra, Diego"]
[Black "Semprevivo, Florencia"]
[Result "0-1"]
[WhiteElo "1951"]
[BlackElo "1905"]
[PlyCount "100"]
[EventDate "2018.11.16"]
[EventType "swiss"]
[EventRounds "8"]
[EventCountry "ARG"]
[SourceTitle "EXT 2020"]
[Source "ChessBase"]
[SourceDate "2019.10.17"]
[SourceVersion "1"]
[SourceVersionDate "2019.10.17"]
[SourceQuality "1"]

1. d4 f5 2. f4 Nf6 3. Nf3 g6 4. e3 Bg7 5. Be2 0-0 6. c3 e6 7. 0-0 Ne4 8. Nbd2 Nxd2 9. Bxd2 d6 10. Ng5 h6 11. Nf3 Nc6 12. Be1 Qe8 13. Bf2 Bf6 14. a4 a6 15. a5 Bd7 16. b4 Kg7 17. Re1 Ne7 18. Qd2 g5 19. Reb1 g4 20. Ne1 h5 21. Ra2 h4 22. g3 Rh8 23. Bf1 hxg3 24. hxg3 Bc6 25. Bg2 Qh5 26. Bxc6 bxc6 27. Kf1 Qh1+ 28. Bg1 Qe4 29. Qc2 Qxc2 30. Nxc2 Nd5 31. Rb3 Be7 32. c4 Nf6 33. b5 Ne4 34. Ne1 cxb5 35. cxb5 axb5 36. Rc2 Rxa5 37. Rxc7 Nd2+ 38. Ke2 Nxb3 39. Rxe7+ Kf6 40. Rc7 Ra2+ 41. Rc2 Rxc2+ 42. Nxc2 Rh1 43. Bf2 Rb1 44. Be1 Ke7 45. Bc3 Nc1+ 46. Kd2 Na2 47. Ba5 b4 48. Ne1 b3 49. Nd3 Rg1 50. Ne1 Rxe1 0-1

[Event "Moron Philidor CC op 17th"]
[Site "Moron"]
[Date "2018.09.18"]
[Round "6"]
[White "Chan, Daniel Roberto"]
[Black "Semprevivo, Florencia"]
[Result "1/2-1/2"]
[WhiteElo "1801"]
[BlackElo "1928"]
[PlyCount "84"]
[EventDate "2018.09.04"]
[EventType "swiss"]
[EventRounds "6"]
[EventCountry "ARG"]
[SourceTitle "CBM 186 Extra"]
[Source "ChessBase"]
[SourceDate "2018.08.24"]
[SourceVersion "1"]
[SourceVersionDate "2018.08.24"]
[SourceQuality "1"]

1. d4 f5 2. Bf4 Nf6 3. e3 g6 4. Nf3 Bg7 5. Bc4 e6 6. h3 d6 7. g4 Qe7 8. Nc3 d5 9. Bb3 c6 10. Ne5 Nfd7 11. Nxd7 Nxd7 12. gxf5 exf5 13. Bxd5 Nf6 14. Bb3 Be6 15. Bxe6 Qxe6 16. Qe2 0-0 17. 0-0-0 Nh5 18. Bh2 Rad8 19. Kb1 Qf7 20. Rhg1 f4 21. e4 Kh8 22. e5 Rfe8 23. Ne4 Bh6 24. f3 Qe6 25. Qg2 b6 26. Qg4 Qe7 27. Ng5 Bxg5 28. Qxg5 Qf7 29. c3 b5 30. Rge1 Rb8 31. Re4 b4 32. e6 Rxe6 33. Rxe6 Qxe6 34. Bxf4 Rb7 35. Be5+ Kg8 36. Rd3 bxc3 37. Rxc3 Rf7 38. f4 Qd5 39. a3 Qe4+ 40. Ka2 Qd5+ 41. Kb1 Qe4+ 42. Ka2 Qd5+ 1/2-1/2

[Event "Moron Philidor CC op 17th"]
[Site "Moron"]
[Date "2018.09.06"]
[Round "2"]
[White "Gandulfo, Matias"]
[Black "Semprevivo, Florencia"]
[Result "1-0"]
[WhiteElo "1598"]
[BlackElo "1928"]
[PlyCount "107"]
[EventDate "2018.09.04"]
[EventType "swiss"]
[EventRounds "6"]
[EventCountry "ARG"]
[SourceTitle "CBM 186 Extra"]
[Source "ChessBase"]
[SourceDate "2018.08.24"]
[SourceVersion "1"]
[SourceVersionDate "2018.08.24"]
[SourceQuality "1"]

1. d4 f5 2. c4 g6 3. Nc3 Nf6 4. Bg5 Bg7 5. e3 0-0 6. Be2 d6 7. Nf3 Qe8 8. 0-0 c6 9. d5 a5 10. Rc1 Na6 11. a3 Nc5 12. Nd4 Bd7 13. Bxf6 Bxf6 14. b4 axb4 15. axb4 Na6 16. Qb3 c5 17. Nc2 cxb4 18. Nxb4 Nc5 19. Qc2 Bg7 20. Nd3 Nxd3 21. Bxd3 f4 22. exf4 Rxf4 23. Ne4 b6 24. Rce1 Qf8 25. Ng5 Bd4 26. Ne6 Bxe6 27. Rxe6 Ra1 28. Re2 Rxf1+ 29. Kxf1 Qh6 30. Kg1 Rf7 31. Qd2 Qh4 32. g3 Qf6 33. Be4 Bc3 34. Qe3 Bd4 35. Qd2 Kg7 36. Bg2 h5 37. Bh3 h4 38. Be6 Rf8 39. g4 Bc5 40. Qb2 Qxb2 41. Rxb2 Rf4 42. h3 Rxc4 43. Ra2 Kf6 44. Kg2 Ke5 45. Rb2 Bb4 46. f3 Kd4 47. f4 Kc3 48. Rf2 Bc5 49. Rf3+ Kd2 50. f5 gxf5 51. g5 Be3 52. g6 Bd4 53. Bxf5 Rc1 54. Rd3+ 1-0

[Event "ARG-ch (Women) 71st"]
[Site "Ushuaia"]
[Date "2018.05.07"]
[Round "9"]
[White "Semprevivo, Florencia"]
[Black "Fernandez, Maria Florencia"]
[Result "1/2-1/2"]
[WhiteElo "1904"]
[BlackElo "2159"]
[PlyCount "29"]
[EventDate "2018.05.02"]
[EventType "tourn"]
[EventRounds "9"]
[EventCountry "ARG"]
[SourceTitle "CBM 184 Extra"]
[Source "ChessBase"]
[SourceDate "2018.06.28"]
[SourceVersion "1"]
[SourceVersionDate "2018.06.28"]
[SourceQuality "1"]

1. g3 g6 2. Bg2 Bg7 3. Nf3 c5 4. 0-0 Nc6 5. d3 e5 6. e4 Nge7 7. c3 d5 8. Qc2 0-0 9. Nbd2 d4 10. a4 h6 11. Ne1 Be6 12. c4 Qd7 13. Nb3 b6 14. f4 Bh3 15. f5 1/2-1/2

[Event "ARG-ch (Women) 71st"]
[Site "Ushuaia"]
[Date "2018.05.06"]
[Round "8"]
[White "Meza, Anahi Silvina"]
[Black "Semprevivo, Florencia"]
[Result "1/2-1/2"]
[WhiteElo "2072"]
[BlackElo "1904"]
[PlyCount "77"]
[EventDate "2018.05.02"]
[EventType "tourn"]
[EventRounds "9"]
[EventCountry "ARG"]
[SourceTitle "CBM 184 Extra"]
[Source "ChessBase"]
[SourceDate "2018.06.28"]
[SourceVersion "1"]
[SourceVersionDate "2018.06.28"]
[SourceQuality "1"]

1. d4 f5 2. g3 Nf6 3. Bg2 g6 4. c4 Bg7 5. Nc3 d6 6. Nf3 0-0 7. 0-0 c6 8. Qd3 Qe8 9. d5 Na6 10. Qc2 Nc5 11. Rb1 Bd7 12. e3 cxd5 13. cxd5 Rc8 14. Nd4 Nce4 15. Ne6 Bxe6 16. dxe6 Nd5 17. Bxe4 fxe4 18. Qxe4 Nxc3 19. bxc3 b6 20. Qb7 Bxc3 21. Bb2 Bf6 22. Qxa7 Ra8 23. Qxb6 Rxa2 24. Bxf6 Rxf6 25. Qc7 Ra8 26. Qc4 Rc8 27. Qg4 Rc7 28. Rbc1 Qc8 29. Ra1 Qxe6 30. Ra8+ Kg7 31. Qa4 Rc8 32. Ra7 Rcf8 33. Qd7 Qxd7 34. Rxd7 Kf7 35. f4 Ke6 36. Rb7 Rc8 37. e4 Rf7 38. Kg2 Rc3 39. Rf3 1/2-1/2

[Event "ARG-ch (Women) 71st"]
[Site "Ushuaia"]
[Date "2018.05.03"]
[Round "3"]
[White "Borda Rodas, Anapaola S"]
[Black "Semprevivo, Florencia"]
[Result "0-1"]
[WhiteElo "2023"]
[BlackElo "1904"]
[PlyCount "110"]
[EventDate "2018.05.02"]
[EventType "tourn"]
[EventRounds "9"]
[EventCountry "ARG"]
[SourceTitle "CBM 184 Extra"]
[Source "ChessBase"]
[SourceDate "2018.06.28"]
[SourceVersion "1"]
[SourceVersionDate "2018.06.28"]
[SourceQuality "1"]

1. e4 e5 2. Nf3 Nc6 3. Bb5 a6 4. Ba4 Nf6 5. d4 exd4 6. 0-0 Be7 7. Re1 0-0 8. e5 Nd5 9. Bb3 Nb6 10. Nxd4 Nxd4 11. Qxd4 c5 12. Qe4 d5 13. exd6 Bxd6 14. Bf4 Bxf4 15. Qxf4 c4 16. Bxc4 Nxc4 17. Qxc4 Bf5 18. Nc3 Bxc2 19. Nd5 Bg6 20. Rad1 Qg5 21. f4 Qh5 22. Ne7+ Kh8 23. Rd5 Qh4 24. g3 Qh3 25. f5 Bh5 26. Qf4 f6 27. Rd4 Rfd8 28. Rxd8+ Rxd8 29. Qc7 Re8 30. Qd7 Rf8 31. Qxb7 Qg4 32. Qe4 Qg5 33. Qb4 Rd8 34. Nc6 Rg8 35. Qd6 Bg4 36. Ne7 Ra8 37. Kg2 Qh5 38. h4 Qf7 39. Qc6 Rd8 40. Qc7 Rf8 41. Qf4 Qh5 42. Re4 Bd1 43. Kh3 Qf7 44. Rd4 Qxe7 45. Rxd1 Qe2 46. Rd2 Qe1 47. Qd6 Re8 48. Qd5 Qf1+ 49. Kg4 h6 50. Qd3 Qh1 51. Re2 Rg8 52. Qxa6 Qd1 53. Kh3 Qf1+ 54. Kg4 h5+ 55. Kxh5 Qxf5# 0-1

[Event "ARG-ch sf (Women)"]
[Site "Buenos Aires"]
[Date "2018.03.04"]
[Round "3.4"]
[White "Semprevivo, Florencia"]
[Black "Campos, Maria Jose"]
[Result "1-0"]
[WhiteElo "1893"]
[BlackElo "1781"]
[PlyCount "99"]
[EventDate "2018.03.02"]
[EventType "swiss"]
[EventRounds "7"]
[EventCountry "ARG"]
[SourceTitle "EXT 2024"]
[Source "ChessBase"]
[SourceDate "2023.10.10"]
[SourceVersion "1"]
[SourceVersionDate "2023.10.10"]
[SourceQuality "1"]

1. e4 c5 2. Nf3 d6 3. d3 g6 4. g3 Bg7 5. Bg2 Nc6 6. 0-0 Nf6 7. c3 0-0 8. Re1 e5 9. a3 a5 10. a4 Rb8 11. Na3 Ne8 12. Nc4 h6 13. h3 Kh7 14. Ne3 Be6 15. Nh4 Bf6 16. Ng4 Bxh4 17. gxh4 Qxh4 18. Nxh6 f5 19. exf5 gxf5 20. Qf3 Rf6 21. Qg3 Rxh6 22. Bxh6 Qxg3 23. fxg3 Kxh6 24. Bf3 Nf6 25. Kf2 Rg8 26. Rg1 e4 27. dxe4 Nxe4+ 28. Bxe4 fxe4 29. Rae1 d5 30. Rb1 Ne5 31. g4 Rf8+ 32. Ke2 Nd3 33. Rgf1 Rxf1 34. Rxf1 Kg7 35. Ke3 Nxb2 36. Rb1 Nc4+ 37. Kf4 b6 38. h4 Bd7 39. Rd1 Be6 40. Rb1 Bd7 41. Rd1 Bc6 42. Kg5 Nb2 43. Rf1 Nd3 44. h5 Ne5 45. h6+ Kh7 46. Rf6 Bxa4 47. Rxb6 Nf7+ 48. Kh5 Be8 49. Rb7 Kg8 50. Rb8 1-0

[Event "Villa Ballester Verano op 59th"]
[Site "Villa Ballester"]
[Date "2009.01.25"]
[Round "5"]
[White "Restuccia, Francisco"]
[Black "Semprevivo, Florencia"]
[Result "1-0"]
[WhiteElo "2114"]
[BlackElo "1874"]
[PlyCount "57"]
[EventDate "2009.01.06"]
[EventType "swiss"]
[EventRounds "9"]
[EventCountry "ARG"]
[SourceTitle "CBM 128 Extra"]
[Source "ChessBase"]
[SourceDate "2009.03.05"]
[SourceVersion "2"]
[SourceVersionDate "2009.03.25"]
[SourceQuality "1"]

1. e4 e5 2. Bc4 Bc5 3. d3 Nf6 4. Nc3 d6 5. Na4 Bb4+ 6. c3 Ba5 7. b4 Bb6 8. Nxb6 axb6 9. f4 d5 10. exd5 Nxd5 11. fxe5 0-0 12. Nf3 b5 13. Bb3 Nxc3 14. Qd2 Nd5 15. Bb2 Nc6 16. a3 h6 17. 0-0 Be6 18. Bc2 Nde7 19. Qf2 Qd7 20. d4 Bf5 21. Rad1 Bxc2 22. Qxc2 Rad8 23. Qe4 Qd5 24. Qg4 Nc8 25. Nh4 N6e7 26. Bc1 Qe6 27. Qg3 Nb6 28. Rf6 Qd7 29. Bxh6 1-0